| 000 | 00410nam a2200157Ia 4500 | ||
|---|---|---|---|
| 008 | 140316s9999 xx 000 0 und d | ||
| 020 | _a8185861374 | ||
| 082 |
_a577 _bSAT/GR |
||
| 100 | _aSatoko,Chatterjee | ||
| 245 | _aGreen sprout journey | ||
| 260 |
_aIndia _bEarth Books _c2009 |
||
| 300 | _a204 | ||
| 650 | _aExploring home-based, ecological activities with children | ||
| 650 | _a | ||
| 942 |
_2ddc _cBK |
||
| 999 |
_c10499 _d10499 |
||